|
|
|
|
| LEADER |
00980nam a2200169Ia 4500 |
| 001 |
90051 |
| 008 |
170722s9999 xx 000 0 und d |
| 100 |
|
|
|a Desai, Morarji
|
| 245 |
|
|
|a Story of my life /
|
| 260 |
|
|
|a India :
|b Macmillan ,
|c 1974.
|
| 300 |
|
|
|c pp26Cms
|
| 942 |
|
|
|c GEN
|
| 999 |
|
|
|c 87806
|d 87806
|
| 952 |
|
|
|0 0
|1 0
|4 0
|6 V_2WM961_L4_1L4_2L4_11L4_21_GB
|7 0
|8 CR
|9 122761
|a LIB
|b LIB
|d 2017-08-12
|h CR
|o V2wM96,1 L4.1-L4.2,L4.1;1-L4.2;1 (GB)
|p 155656
|r 2017-08-12
|v 125.00
|w 2017-08-12
|y GEN
|
| 952 |
|
|
|0 0
|1 0
|4 0
|6 V_2WM961_L4_1L4_2L4_11L4_21_GB
|7 0
|9 122762
|a LIB
|b LIB
|d 2017-08-12
|o V2wM96,1 L4.1-L4.2,L4.1;1-L4.2;1 (GB)
|p 155657
|r 2017-08-12
|v 125.00
|w 2017-08-12
|y GEN
|
| 952 |
|
|
|0 0
|1 0
|4 0
|6 V_2WM961_L4_1L4_2L4_11L4_21_GB
|7 0
|9 122763
|a LIB
|b LIB
|d 2017-08-12
|o V2wM96,1 L4.1-L4.2,L4.1;1-L4.2;1 (GB)
|p 164326
|r 2017-08-12
|v 125.00
|w 2017-08-12
|y GEN
|
| 952 |
|
|
|0 0
|1 0
|4 0
|6 V_2WM961_L4_1L4_2L4_11L4_21_GB
|7 0
|9 122764
|a LIB
|b LIB
|d 2017-08-12
|o V2wM96,1 L4.1-L4.2,L4.1;1-L4.2;1 (GB)
|p 164327
|r 2017-08-12
|v 125.00
|w 2017-08-12
|y GEN
|